• 首页
  • 本馆介绍
  • 公告通知
  • 最新文献
  • 馆藏检索
  • 电子资源
  • 读者导购
  • 参考咨询
  • 我的图书馆
  • 登录
  • 详细信息显示
  • 放入我的书架
  • 预约/预借图书
  • 作者相关作品
  • 分类相关作品
  • 丛书相关作品
  • 出版社相关作品

书目信息

  • 表格格式
  • 工作单格式
  • 卡片格式
题名:
食品工程全书
    
 
作者: ;中国海诚工程科技股份有限公司 , 江南大学 主编 ;中国食品发酵工业研究院 主编
分册: 第二卷   食品过程工程
出版信息: 北京   中国轻工业出版社  2008.6
页数: 958页
开本: 26cm
丛书名:
单 册:
中图分类: TS201.1
科图分类:
主题词: 食品工程学
电子资源:
ISBN: 978-7-5019-4157-5
000 01324nam0 2200277 45
001 1354552593
005 20130510084821.42
010    @a978-7-5019-4157-5@b精装@dCNY160.00
100    @a20130108d2008 em y0chiy0110 ea
101 0  @achi
102    @aCN@b110000
105    @ay z 000yy
106    @ar
200 1  @a食品工程全书@AShi Pin Gong Cheng Quan Shu@h第二卷@HDi Er Juan@i食品过程工程@IShi Pin Guo Cheng Gong Cheng@dFood Process Engineering@f中国食品发酵工业研究院,中国海诚工程科技股份有限公司,江南大学主编@FZhong Guo Shi Pin Fa Jiao Gong Ye Yan Jiu Yuan, Zhong Guo Hai Cheng Gong Cheng Ke Ji Gu Fen You Xian Gong Si, Jiang Nan Da Xue Zhu Bian@zeng
210    @a北京@c中国轻工业出版社@d2008.6
215    @a958页@d26cm
300    @a国家“九五”重点图书
330    @a本卷共14章,分别介绍了物料输送、冷加工与冷藏、食品杀菌、酶技术、发酵工程、腌渍和熏制、蒸煮挤压、成型、食品包装等内容。
510 1  @aFood Process Engineering@zeng
606 0  @a食品工程学
690    @aTS201.1@v5
711 02 @a中国海诚工程科技股份有限公司@AZhong Guo Hai Cheng Gong Cheng Ke Ji Gu Fen You Xian Gong Si@4主编
711 02 @a江南大学@AJiang Nan Da Xue@4主编
712 02 @a中国食品发酵工业研究院@AZhong Guo Shi Pin Fa Jiao Gong Ye Yan Jiu Yuan@4主编
801    @aCN@bTANGWEI@c20130111
905    @b0830848-50@dTS201.1@e140:2@f3
    
    食品工程全书.第二卷.食品过程工程=Food Process Engineering/中国食品发酵工业研究院,中国海诚工程科技股份有限公司,江南大学主编.-北京:中国轻工业出版社,2008.6
    958页;26cm
    国家“九五”重点图书
    
    ISBN 978-7-5019-4157-5(精装):CNY160.00
    本卷共14章,分别介绍了物料输送、冷加工与冷藏、食品杀菌、酶技术、发酵工程、腌渍和熏制、蒸煮挤压、成型、食品包装等内容。
●
相关链接 在E读中查询图书 在五车中查询图书 在当当中查询图书 在豆瓣中查询图书


正题名:食品工程全书     索取号:TS201.1/140:2         预约/预借

序号 登录号 条形码 馆藏地/架位号 状态 备注
1 0830848   208308482   第二样本阅览室/ [索取号:TS201.1/140:2] 在馆    
2 0830849   208308491   第三借阅区/ [索取号:TS201.1/140:2] 在馆    
3 0830850   208308507   第三借阅区/ [索取号:TS201.1/140:2] 在馆    
唐山师范学院图书馆 欢迎您!
大连网信软件有限公司© 版权所有